Sports Quiz

Random Sports Quiz

Top XIs: Bundesliga (2010-11) Quiz Stats

 Plays Quiz not verified by Sporcle

Challenge
Share
Tweet
Embed
Score 0/198 Timer 20:00
0 Plays Today
Club Player % Correct
Schalke 04Manuel Neuer
95.3%
Bayern MunichPhilipp Lahm
90.6%
Borussia DortmundMats Hummels
89.1%
Borussia DortmundRobert Lewandowski
87.5%
Bayern MunichBastian Schweinsteiger
84.4%
Bayern MunichMario Gómez
84.4%
Bayern MunichFranck Ribéry
84.4%
Bayern MunichThomas Müller
82.8%
Borussia DortmundRoman Weidenfeller
82.8%
Bayern MunichHans-Jörg Butt
79.7%
Borussia DortmundMario Götze
79.7%
Borussia MönchengladbachMarco Reus
79.7%
1. FC KölnLukas Podolski
78.1%
Borussia DortmundNeven Subotić
76.6%
Borussia DortmundSven Bender
76.6%
Borussia DortmundNuri Şahin
76.6%
Bayer 04 LeverkusenRené Adler
75%
Borussia DortmundMarcel Schmelzer
75%
Borussia DortmundLucas Barrios
71.9%
SV Werder BremenAaron Hunt
71.9%
Bayern MunichDaniel Van Buyten
68.8%
Bayern MunichToni Kroos
68.8%
Schalke 04Klaas-Jan Huntelaar
68.8%
VfL WolfsburgEdin Džeko
68.8%
VfL WolfsburgGrafite
68.8%
Schalke 04Benedikt Höwedes
67.2%
VfL WolfsburgDiego Benaglio
67.2%
Borussia DortmundŁukasz Piszczek
65.6%
SV Werder BremenTim Wiese
65.6%
Borussia MönchengladbachDante
62.5%
1.FC Nurembergİlkay Gündoğan
62.5%
Borussia DortmundKevin Großkreutz
60.9%
TSG 1899 HoffenheimDavid Alaba
60.9%
Schalke 04Raúl
59.4%
Bayern MunichHolger Badstuber
57.8%
1.FC NurembergRaphael Schäfer
57.8%
VfL WolfsburgMarcel Schäfer
57.8%
SC FreiburgOliver Baumann
56.3%
VfB StuttgartCacau
56.3%
Eintracht FrankfurtAlexander Meier
56.3%
Bayer 04 LeverkusenSimon Rolfes
54.7%
1.FSV Mainz 05André Schürrle
54.7%
SV Werder BremenPer Mertesacker
54.7%
SV Werder BremenTorsten Frings
54.7%
VfL WolfsburgDiego
54.7%
SV Werder BremenClemens Fritz
53.1%
SV Werder BremenClaudio Pizarro
53.1%
Bayer 04 LeverkusenSidney Sam
51.6%
SC FreiburgÖmer Toprak
51.6%
Bayer 04 LeverkusenGonzalo Castro
50%
Bayer 04 LeverkusenArturo Vidal
50%
Bayern MunichDanijel Pranjić
50%
Hamburger SVHeiko Westermann
50%
TSG 1899 HoffenheimVedad Ibišević
50%
Schalke 04Jefferson Farfán
50%
Bayern MunichAnatoliy Tymoshchuk
48.4%
Hamburger SVDennis Aogo
48.4%
Hannover 96Christian Schulz
48.4%
Schalke 04Atsuto Uchida
48.4%
FC St. PauliGerald Asamoah
48.4%
VfB StuttgartChristian Gentner
48.4%
SC FreiburgPapiss Cissé
45.3%
TSG 1899 HoffenheimAndreas Beck
45.3%
Hannover 96Lars Stindl
43.8%
TSG 1899 HoffenheimSejad Salihović
43.8%
1.FSV Mainz 05Christian Fuchs
43.8%
Club Player % Correct
Schalke 04Joël Matip
43.8%
VfB StuttgartSven Ulreich
43.8%
VfL WolfsburgMakoto Hasebe
43.8%
Hamburger SVFrank Rost
42.2%
Hamburger SVMladen Petrić
42.2%
Hannover 96Didier Ya Konan
42.2%
1.FSV Mainz 05Lewis Holtby
42.2%
Schalke 04Christoph Metzelder
42.2%
VfB StuttgartSerdar Taşçı
42.2%
VfB StuttgartChristian Träsch
42.2%
Eintracht FrankfurtHalil Altıntop
42.2%
Bayer 04 LeverkusenEren Derdiyok
40.6%
Borussia MönchengladbachMartin Stranzl
40.6%
Hannover 96Steven Cherundolo
40.6%
FC St. PauliMatthias Lehmann
40.6%
SV Werder BremenMarko Marin
40.6%
VfL WolfsburgJosué
40.6%
Bayer 04 LeverkusenStefan Reinartz
39.1%
TSG 1899 HoffenheimSebastian Rudy
39.1%
FC St. PauliMax Kruse
39.1%
VfB StuttgartMartin Harnik
39.1%
VfL WolfsburgAndrea Barzagli
39.1%
TSG 1899 HoffenheimMarvin Compper
37.5%
1. FC KölnMichael Rensing
37.5%
Bayer 04 LeverkusenRenato Augusto
35.9%
Hamburger SVDavid Jarolím
35.9%
VfL WolfsburgSascha Riether
35.9%
Bayer 04 LeverkusenMichal Kadlec
34.4%
Hannover 96Florian Fromlowitz
34.4%
Eintracht FrankfurtOka Nikolov
34.4%
Borussia MönchengladbachLogan Bailly
32.8%
Hamburger SVGuy Demel
32.8%
Hamburger SVZé Roberto
32.8%
Hannover 96Mohammed Abdellaoue
32.8%
TSG 1899 HoffenheimTom Starke
32.8%
1. FC KölnMilivoje Novaković
32.8%
VfB StuttgartArthur Boka
32.8%
SV Werder BremenSebastian Prödl
32.8%
Bayer 04 LeverkusenSami Hyypiä
31.3%
Borussia MönchengladbachRoman Neustädter
31.3%
Hamburger SVJoris Mathijsen
31.3%
Schalke 04José Manuel Jurado
31.3%
SV Werder BremenPetri Pasanen
31.3%
Eintracht FrankfurtSebastian Jung
31.3%
Borussia MönchengladbachJuan Arango
29.7%
Hamburger SVRuud van Nistelrooy
29.7%
1.FC KaiserslauternSrđan Lakić
29.7%
1.FSV Mainz 05Christian Wetklo
29.7%
1.FSV Mainz 05Marco Caligiuri
29.7%
1.FC NurembergPhilipp Wollscheid
29.7%
1.FC NurembergJulian Schieber
29.7%
Eintracht FrankfurtTheofanis Gekas
29.7%
Hamburger SVEljero Elia
28.1%
Hannover 96Manuel Schmiedebach
28.1%
1.FC KaiserslauternChristian Tiffert
28.1%
1.FSV Mainz 05Elkin Soto
28.1%
SV Werder BremenPhilipp Bargfrede
28.1%
Eintracht FrankfurtMarco Russ
28.1%
Bayer 04 LeverkusenDaniel Schwaab
26.6%
Borussia MönchengladbachFilip Daems
26.6%
Hannover 96Sérgio Pinto
26.6%
1.FSV Mainz 05Bo Svensson
26.6%
1.FSV Mainz 05Eugen Polanski
26.6%
1.FC NurembergJavier Pinola
26.6%
Borussia MönchengladbachThorben Marx
25%
SC FreiburgJulian Schuster
25%
Club Player % Correct
1.FC KaiserslauternTobias Sippel
25%
1.FC NurembergMehmet Ekici
25%
VfB StuttgartPavel Pogrebnyak
25%
SC FreiburgMensur Mujdža
23.4%
SC FreiburgCédric Makiadi
23.4%
1. FC KölnMišo Brečko
23.4%
1.FSV Mainz 05Nikolče Noveski
23.4%
VfB StuttgartCristian Molinaro
23.4%
Hamburger SVJonathan Pitroipa
21.9%
Hannover 96Karim Haggui
21.9%
Hannover 96Emanuel Pogatetz
21.9%
TSG 1899 HoffenheimIsaac Vorsah
21.9%
TSG 1899 HoffenheimAndreas Ibertsberger
21.9%
1. FC KölnChristian Clemens
21.9%
SV Werder BremenMikaël Silvestre
21.9%
VfL WolfsburgPeter Pekarík
21.9%
VfL WolfsburgSimon Kjær
21.9%
Eintracht FrankfurtMaik Franz
21.9%
Hannover 96Konstantin Rausch
20.3%
1.FC NurembergAndreas Wolf
20.3%
Schalke 04Peer Kluge
20.3%
FC St. PauliBastian Oczipka
20.3%
Eintracht FrankfurtPirmin Schwegler
20.3%
Eintracht FrankfurtPatrick Ochs
20.3%
Borussia MönchengladbachMohamadou Idrissou
18.8%
1.FC KaiserslauternOliver Kirch
18.8%
1. FC KölnPetit
18.8%
1.FC NurembergJens Hegeler
18.8%
1.FC NurembergTimmy Simons
18.8%
Schalke 04Lukas Schmitz
18.8%
FC St. PauliThomas Kessler
18.8%
Borussia MönchengladbachTobias Levels
17.2%
SC FreiburgHeiko Butscher
17.2%
SC FreiburgFelix Bastians
17.2%
1.FC KaiserslauternIvo Iličević
17.2%
1. FC KölnMato Jajalo
17.2%
1.FSV Mainz 05Niko Bungert
17.2%
1.FC NurembergChristian Eigler
17.2%
TSG 1899 HoffenheimBoris Vukčević
15.6%
1.FC KaiserslauternFlorian Dick
15.6%
1.FC KaiserslauternRodnei
15.6%
1.FC KaiserslauternLeon Jessen
15.6%
1. FC KölnPedro Geromel
15.6%
1. FC KölnYoussef Mohamad
15.6%
1.FC NurembergJuri Judt
15.6%
FC St. PauliCarlos Zambrano
15.6%
FC St. PauliFin Bartels
15.6%
FC St. PauliMarius Ebbers
15.6%
VfB StuttgartZdravko Kuzmanović
15.6%
Borussia MönchengladbachMichael Bradley
14.1%
FC St. PauliRalph Gunesch
14.1%
FC St. PauliFabian Boll
14.1%
VfB StuttgartGeorg Niedermeier
14.1%
SC FreiburgOliver Barth
12.5%
1.FC KaiserslauternMathias Abel
12.5%
1.FC KaiserslauternMartin Amedick
12.5%
1. FC KölnMartin Lanig
12.5%
1.FSV Mainz 05Radoslav Zabavník
12.5%
Eintracht FrankfurtBenjamin Köhler
12.5%
SC FreiburgYacine Abdessadki
10.9%
TSG 1899 HoffenheimPeniel Mlapa
10.9%
1.FC KaiserslauternJan Morávek
10.9%
FC St. PauliMarkus Thorandt
10.9%
SC FreiburgAnton Putsila
9.4%
1. FC KölnChristian Eichner
9.4%
Eintracht FrankfurtGeorgios Tzavellas
9.4%

You're not logged in!

Compare scores with friends on all Sporcle quizzes.
Join for Free
OR
Log In

You Might Also Like...

Show Comments

Extras

Top Quizzes Today


Score Distribution

Your Account Isn't Verified!

In order to create a playlist on Sporcle, you need to verify the email address you used during registration. Go to your Sporcle Settings to finish the process.

Report this User

Report this user for behavior that violates our Community Guidelines.

Details: